00557nam a22002177a 450000500170000001000130001702000100003003500130004003700160005304000120006908200210008110000150010224500860011726000310020327000370023430000200027150000090029165000210030065000150032170000030033620170124110004.0 aA-822356 c75.00 aA-822356 bCen Lib/Ret aDPLbEN a362.2905416bSUR aSuri, V.P. aProblem of drug abuse in Delhi :cby V.P. Suribremedies and prevention measure / aNew DelhibArya book depot bNew Delhia30, Naiwla karol bagh a53p. c20cm(Hb) a  aSocial problems  aDrug abuse